Loading...
Al alqat ul Araliyya al Hindiyya /
| Main Author: | |
|---|---|
| Format: | Printed Book |
| Language: | Arabic |
| Published: |
Beirut :
United Publishing House ,
1974.
|
| LEADER | 00436nam a2200133Ia 4500 | ||
|---|---|---|---|
| 008 | 150624b xxu||||| |||| 00| | ara d | ||
| 100 | |a Syed Maqbul Ahmad | ||
| 245 | |c Syed Maqbul Ahmad |a Al alqat ul Araliyya al Hindiyya / | ||
| 260 | |a Beirut : |b United Publishing House , |c 1974. | ||
| 300 | |a 278 p. | ||
| 546 | |a In Arabic. | ||
| 942 | |c BK | ||
| 999 | |c 94406 |d 94406 | ||
| 952 | |0 1 |1 0 |4 0 |7 0 |9 94348 |a UL |b UL |c TR |d 1998-09-01 |l 0 |p 28560 |r 2012-10-27 |w 2012-10-27 |y BK | ||